Theologiae moralis summa

Guardat en:
Dades bibliogràfiques
Format: Llibre
Idioma:llatí
Publicat: Madrid BAC 1954
Col·lecció:Biblioteca de Autores Cristianos
Matèries:
Etiquetes: Afegir etiqueta
Sense etiquetes, Sigues el primer a etiquetar aquest registre!

MARC

LEADER 00000nam a2200000 a 4500
001 UCK4829
003 CL-VaPUC
008 050624e19540000SP |||||||||||||||||lat|d
082 0 4 |a 241  |b THE  |2 21 
245 1 0 |a Theologiae moralis summa 
300 |a v 
942 |c BK 
945 |d 20050624 00:00:00  |a cmena 
260 |a Madrid  |b BAC  |c 1954 
500 |a v.3: Theologia moralis specialis: de sacramentis. de delictis et poenis 
650 0 |a Teología moral   |9 256617 
650 0 |a Vida cristiana  |9 258753 
650 0 |a Comportamiento moral  |9 334569 
583 |a last modification  |c 20050624 00:00:00  |k Rodrigo Vera 
490 0 |a Biblioteca de Autores Cristianos 
999 |c 313572  |d 313570 
952 |0 0  |1 0  |4 0  |6 241_000000000000000_THE_1954  |7 0  |8 A  |9 384991  |a BIBTEO  |b BIBTEO  |d 2019-11-22  |h v.3  |i 4109465  |o 241 THE 1954  |p 4109465  |r 2025-01-17  |w 2019-11-22  |y BK  |k ICR 
952 |0 0  |1 0  |4 0  |6 241_000000000000000_THE_1954  |7 0  |8 A  |9 384992  |a BIBTEO  |b BIBTEO  |d 2019-11-22  |h v.3  |i 4109430  |o 241 THE 1954  |p 4109430  |r 2025-01-17  |w 2019-11-22  |y BK  |k ICR